[Event "Pardubice Czech op-E 32nd"]
[Site "Pardubice"]
[Date "2021.07.15"]
[Round "1.2"]
[White "Vyskocil, Neklan"]
[Black "Gaj, Milos"]
[Result "1-0"]
[WhiteElo "2295"]
[BlackElo "1945"]
[PlyCount "53"]
[EventDate "2021.07.15"]
[EventType "team-swiss"]
[EventRounds "7"]
[EventCountry "CZE"]
[SourceTitle "CBM 203 Extra"]
[Source "ChessBase"]
[SourceDate "2021.09.30"]
[SourceVersion "1"]
[SourceVersionDate "2021.09.30"]
[SourceQuality "1"]
[WhiteTeam "Brno Duras"]
[BlackTeam "Unichess"]
[WhiteTeamCountry "CZE"]
[BlackTeamCountry "CZE"]

1. d4 Nf6 2. c4 g6 3. Nc3 d5 4. Qa4+ c6 5. Nf3 dxc4 6. Qxc4 b5 7. Qd3 Bg7 8. a3 a6 9. g3 Bb7 10. Bg2 Nbd7 11. b4 0-0 12. 0-0 Re8 13. Rd1 Qb6 14. e4 Rad8 15. Qc2 e5 16. dxe5 Nxe5 17. Nxe5 Rxe5 18. Be3 c5 19. bxc5 Qa5 20. Rxd8+ Qxd8 21. Rd1 Qa5 22. Nd5 Re8 23. c6 Bc8 24. c7 Nxd5 25. exd5 Qxa3 26. d6 Bf5 27. d7 1-0

[Event "CZE-chT2C 1314"]
[Site "Czech Republic"]
[Date "2014.04.06"]
[Round "11.8"]
[White "Stehlik, Jiri"]
[Black "Gaj, Milos"]
[Result "1/2-1/2"]
[WhiteElo "2012"]
[BlackElo "2002"]
[PlyCount "128"]
[EventDate "2013.11.03"]
[EventType "team-tourn"]
[EventRounds "11"]
[EventCountry "CZE"]
[SourceTitle "EXT 2015"]
[Source "ChessBase"]
[SourceDate "2014.11.20"]
[SourceVersion "1"]
[SourceVersionDate "2014.11.20"]
[SourceQuality "1"]
[WhiteTeam "Kolin"]
[BlackTeam "Postovni sporitelna III"]
[WhiteTeamCountry "CZE"]
[BlackTeamCountry "CZE"]

1. Nf3 d5 2. d4 Nf6 3. g3 g6 4. Bg2 Bg7 5. 0-0 0-0 6. c4 c6 7. Nbd2 Nbd7 8. Qc2 e5 9. dxe5 Ng4 10. cxd5 cxd5 11. Nb3 Ndxe5 12. Nxe5 Bxe5 13. h3 Nf6 14. Be3 Bf5 15. Qd2 Ne4 16. Bxe4 dxe4 17. g4 Be6 18. Qxd8 Rfxd8 19. Nc5 Bd5 20. Rad1 b6 21. Na4 Bxa2 22. Nc3 Bc4 23. Nxe4 Bxb2 24. Rb1 Be5 25. Rfe1 Rac8 26. Kf1 Kg7 27. Rec1 Ba6 28. Nd2 Rxc1+ 29. Rxc1 Rc8 30. Re1 Rc2 31. Nf3 Bc3 32. Bd4+ Bxd4 33. Nxd4 Rc4 34. Nf3 Bb7 35. Ne5 Rc3 36. f3 b5 37. Rb1 a6 38. Kf2 Kf6 39. Nd3 Ke6 40. h4 Kd6 41. Ke3 f6 42. Kd2 Rc4 43. Ke3 Kc7 44. g5 Rxh4 45. gxf6 Kd6 46. Nf4 Kd7 47. Rd1+ Ke8 48. f7+ Kxf7 49. Rd7+ Kf6 50. Rxb7 Ke5 51. Re7+ Kf6 52. Nd5+ Kf5 53. Ra7 Ra4 54. Rxh7 a5 55. Kd3 Ke5 56. Nc3 Ra3 57. Kd2 b4 58. Nd1 a4 59. Rb7 Ra2+ 60. Kd3 Ra1 61. Ne3 Ra3+ 62. Kd2 Ra2+ 63. Kd3 Ra3+ 64. Kd2 Ra2+ 1/2-1/2

[Event "Jirasek Memorial op 23rd"]
[Site "Rakovnik"]
[Date "2011.08.10"]
[Round "6"]
[White "Stransky, Vojtech"]
[Black "Gaj, Milos"]
[Result "0-1"]
[WhiteElo "1843"]
[BlackElo "1973"]
[PlyCount "78"]
[EventDate "2011.08.06"]
[EventType "swiss"]
[EventRounds "9"]
[EventCountry "CZE"]
[SourceTitle "CBM 143 Extra"]
[Source "ChessBase"]
[SourceDate "2011.08.29"]
[SourceVersion "1"]
[SourceVersionDate "2011.08.29"]
[SourceQuality "1"]

1. e4 c5 2. Nc3 e6 3. f4 d5 4. Bb5+ Bd7 5. Bxd7+ Qxd7 6. d3 g6 7. Nf3 Nc6 8. 0-0 Bg7 9. a3 Nge7 10. Qe1 0-0 11. Qh4 Nd4 12. Ng5 h6 13. Nf3 Nxf3+ 14. Rxf3 f5 15. e5 a6 16. Ne2 b5 17. d4 cxd4 18. Nxd4 Rfc8 19. c3 Rc4 20. b3 Rc7 21. Bb2 Nc6 22. Qf2 Bf8 23. b4 Nxd4 24. Qxd4 Rc4 25. Qd2 Qc6 26. Rd3 Rc8 27. Rd4 Be7 28. g3 Bd8 29. Rxc4 Qxc4 30. a4 Bb6+ 31. Kg2 Qe4+ 32. Kh3 g5 33. fxg5 Qg4+ 34. Kg2 hxg5 35. axb5 axb5 36. Ra6 Qe4+ 37. Kh3 Qg4+ 38. Kg2 Qe4+ 39. Kh3 Kf7 0-1